| 000 | 00864nam a22002657a 4500 | ||
|---|---|---|---|
| 003 | OSt | ||
| 005 | 20201216115759.0 | ||
| 007 | ta | ||
| 008 | 201216e2019 dr ac||gri||| 001 0 spa d | ||
| 020 | _a9789945854794 | ||
| 040 |
_aDO-sdBNP _bspa _cBNPHU |
||
| 041 | _hspa | ||
| 082 |
_aBNPHU- xxxx _bH632a |
||
| 100 |
_aHidalgo , Saulo _9386 |
||
| 245 |
_aAtrévete a ser feliz / _cRafael Nín , ed. |
||
| 260 |
_aSanto Domingo : _bSerigraf , _c2019 |
||
| 300 |
_a214 pg. _bil. , retratos ; _c21 cm |
||
| 500 | _aIncluye datos biográficos del autor. | ||
| 505 | 1 | _aDedicatoria.- agradecimiento.- introducción.- | |
| 505 | 1 |
_aParte a: _t¿Qué es la felcidad?.- _tPasos para ser feliz.- |
|
| 505 | 1 |
_aParte B : _tRazones para ser feliz.- |
|
| 505 | 1 |
_aParte c : _tPrincipios para ser y vivir feliz.- |
|
| 700 |
_aNín , Rafael _eed. _977618 |
||
| 942 |
_2ddc _cLBS1 |
||
| 999 |
_c49289 _d49289 |
||